000 01574nam a2200409 i 4500
003 SJDS
005 20160818190012.0
008 150701s2014 sp a j 000 1 spa d
010 _abl2015026539
020 _a9788483432877
_qpbk. :
_c$7.95
040 _aNjBwBT
_beng
_cNjBwBT
_erda
041 _aspa
100 1 _aRoca, Elisenda,
_d1963-
_eauthor.
245 1 0 _aEsto es mío! :
_bun cuento para aprender a compartir /
_cElisenda Roca ; Cristina Losantos, ilustraciones.
250 _aPrimera edición.
260 _aBarcelona :
_bBambú Editorial,
_c2014.
264 1 _aBarcelona :
_bBambú Editorial,
_c2014.
300 _a47 pages :
_bcolor illustrations ;
_c19 cm.
336 _atext
_2rdacontent.
336 _astill image
_2rdacontent.
337 _aunmediated
_2rdamedia.
338 _avolume
_2rdacarrier.
490 1 _aBamb©ð primeros lectores ;
_v21.
520 _aAll of a sudden, Alejo, who used to be willing to share, decides that what is his is his and he will not share it with anyone, not even his little brother.
650 7 _aCompartir
_vNovela juvenil.
_2lcsh-es.
650 0 _aSharing
_vJuvenile fiction.
650 7 _aHermanos
_vNovela juvenil.
_2lcsh-es.
650 0 _aBrothers
_vJuvenile fiction.
650 0 _aFamily life
_vJuvenile fiction.
655 7 _aCuentos en rima.
_2lcsh-es.
655 0 _aStories in rhyme.
655 7 _aMaterias en español.
_2lcsh-es.
655 0 _aSpanish language materials.
700 1 _aLosantos, Cristina,
_eillustrator.
830 0 _aPrimeros lectores (Bamb©ð Editorial) ;
_v21.
942 _cBK
_2ddc
999 _c16146
_d16146